=LDR 00000nam 2200000 4500 =001 INLIS000000000014219 =005 20130612105511 =008 ***********************************Ind** =035 ##$$0010-061300000014219 =041 ##$$a Ind =082 ##$$a 910.2 =090 ##$$a 910.2, Sug p =100 ##$$a Sugiantoro, Ronny =245 ##$$a Pariwisata, Antara obsesi dan realita, Ronny Sugiantoro =260 ##$$a 2000 $b Yogyakarta =300 ##$$a xxii, 155 hlm, Ilus, 20 cm =650 ##$$a Pariwisata =850 ##$$a NBPNMAT